LEADER 01229nam 2200421 450 001 9910478918203321 010 $a0-7190-9521-2 035 $a(CKB)3710000000870191 035 $a(MiAaPQ)EBC4705570 035 $a(EXLCZ)993710000000870191 100 $a20161013h20112011 uy 0 101 0 $aeng 135 $aurcnu|||||||| 181 $2rdacontent 182 $2rdamedia 183 $2rdacarrier 200 00$aReligion and rights $eThe Oxford Amnesty lectures 2008 /$fedited by Wes Williams 210 1$aManchester, [England] ;$aNew York, New York :$cManchester University Press,$d2011. 210 4$dİ2011 215 $a1 online resource (174 pages) 225 0 $aOxford Amnesty Lectures 300 $aIncludes index. 311 $a0-7190-8255-2 311 $a0-7190-8254-4 606 $aHuman rights$xReligious aspects 606 $aReligious tolerance 608 $aElectronic books. 615 0$aHuman rights$xReligious aspects. 615 0$aReligious tolerance. 676 $a201.723 702 $aWilliams$b Wes 801 0$bMiAaPQ 801 1$bMiAaPQ 801 2$bMiAaPQ 906 $aBOOK 912 $a9910478918203321 996 $aReligion and rights$92099175 997 $aUNINA LEADER 03631nam 22006372 450 001 9910826992903321 005 20160224031217.0 010 $a1-107-21514-5 010 $a1-139-06341-3 010 $a1-283-11254-X 010 $a9786613112545 010 $a1-139-07573-X 010 $a0-511-66746-9 010 $a1-139-08256-6 010 $a1-139-07799-6 010 $a1-139-08028-8 010 $a1-139-06998-5 035 $a(CKB)2670000000083829 035 $a(EBL)691911 035 $a(OCoLC)723945748 035 $a(SSID)ssj0000521337 035 $a(PQKBManifestationID)11913718 035 $a(PQKBTitleCode)TC0000521337 035 $a(PQKBWorkID)10533552 035 $a(PQKB)10167034 035 $a(UkCbUP)CR9780511667466 035 $a(MiAaPQ)EBC691911 035 $a(Au-PeEL)EBL691911 035 $a(CaPaEBR)ebr10469112 035 $a(CaONFJC)MIL311254 035 $a(PPN)261334360 035 $a(EXLCZ)992670000000083829 100 $a20091222d2011|||| uy| 0 101 0 $aeng 135 $aur||||||||||| 181 $ctxt$2rdacontent 182 $cc$2rdamedia 183 $acr$2rdacarrier 200 14$aThe Cambridge guide to the solar system /$fKenneth R. Lang$b[electronic resource] 205 $aSecond edition. 210 1$aCambridge :$cCambridge University Press,$d2011. 215 $a1 online resource (xxv, 475 pages) $cdigital, PDF file(s) 300 $aTitle from publisher's bibliographic system (viewed on 24 Feb 2016). 311 $a0-521-19857-7 320 $aIncludes bibliographical references and indexes. 327 $aChanging views and fundamental concepts : Evolving perspectives: a historical prologue ; The new, close-up view from space ; Atmospheres, magnetospheres, and the solar wind -- The inner solar system: rocky worlds : Restless Earth: third rock from the Sun ; The Earth's Moon: stepping stone to the planets ; Mercury: a dense battered world ; Venus: the veiled planet ; Mars: the red planet -- The giant planets, their satellites and their rings: worlds of liquid, ice and gas : Jupiter: a giant primitive planet ; Saturn: lord of the rings ; Uranus and Neptune -- Remnants of creation: small worlds in the solar system : Asteroids and meteorites ; Colliding worlds ; Comets ; Beyond Neptune -- Origin of the solar system and extrasolar planets : Brave new worlds. 330 $aRichly illustrated with full-color images, this book is a comprehensive, up-to-date description of the planets, their moons, and recent exoplanet discoveries. This second edition of a now classic reference is brought up to date with fascinating new discoveries from 12 recent Solar System missions. Examples include water on the Moon, volcanism on Mercury's previously unseen half, vast buried glaciers on Mars, geysers on Saturn's moon Enceladus, lakes of hydrocarbons on Titan, encounter with asteroid Itokawa, and sample return from comet Wild 2. The book is further enhanced by hundreds of striking new images of the planets and moons. Written at an introductory level appropriate for undergraduate and high-school students, it provides fresh insights that appeal to anyone with an interest in planetary science. A website hosted by the author contains all the images in the book with an overview of their importance. A link to this can be found at www.cambridge.org/solarsystem. 607 $aSolar system 676 $a523.2 700 $aLang$b Kenneth R.$051637 801 0$bUkCbUP 801 1$bUkCbUP 906 $aBOOK 912 $a9910826992903321 996 $aThe Cambridge guide to the solar system$94086870 997 $aUNINA